Is there life left in high streets? (Record no. 66499)

MARC details
000 -LEADER
fixed length control field 01389cam a2200253 4500
001 - CONTROL NUMBER
control field ABS63673
008 - FIXED-LENGTH DATA ELEMENTS--GENERAL INFORMATION
fixed length control field 000000n2001 000 0 eng u
035 ## - SYSTEM CONTROL NUMBER
System control number (Sirsi) u111607
100 ## - MAIN ENTRY--PERSONAL NAME
Personal name Winkley, R.
245 ## - TITLE STATEMENT
Title Is there life left in high streets?
260 ## - PUBLICATION, DISTRIBUTION, ETC.
Date of publication, distribution, etc. 2001
490 ## - SERIES STATEMENT
Series statement Planning (for the Natural and Built Environment)
Volume/sequential designation (1409) 9 March 2001, 10(1)
520 ## - SUMMARY, ETC.
Summary, etc. Latest findings from retail market researcher Verdict indicate that the public is doing more of its shopping in out-of-town retail centres. Verdict's survey predicts out-of-town sales will grow by 34% in the next five years. In the light of these findings, considers what lies in store for the high street. Presents differing views of interested parties. Suggestions put forward to preserve the high street include making it cheaper to shop in town centres. One commentator predicts that the high street will survive, as town centres are taking measures to reinvent themselves as "total shopping experiences". Some predict the future will bring fewer dominant town centres.
590 ## - LOCAL NOTE (RLIN)
Local note ABS
650 ## - SUBJECT ADDED ENTRY--TOPICAL TERM
Topical term or geographic name entry element HIGH STREETS
650 ## - SUBJECT ADDED ENTRY--TOPICAL TERM
Topical term or geographic name entry element SHOPPING
650 ## - SUBJECT ADDED ENTRY--TOPICAL TERM
Topical term or geographic name entry element PLANNING POLICY
650 ## - SUBJECT ADDED ENTRY--TOPICAL TERM
Topical term or geographic name entry element PLANNING POLICY GUIDANCE NOTE SIX
650 ## - SUBJECT ADDED ENTRY--TOPICAL TERM
Topical term or geographic name entry element FUTURE
650 ## - SUBJECT ADDED ENTRY--TOPICAL TERM
Topical term or geographic name entry element VERDICT RESEARCH
650 ## - SUBJECT ADDED ENTRY--TOPICAL TERM
Topical term or geographic name entry element OUT-OF-TOWN SHOPPING CENTRES
690 ## - LOCAL SUBJECT ADDED ENTRY--TOPICAL TERM (OCLC, RLIN)
Topical term or geographic name as entry element PROPERTY-COMMERCIAL PROPERTY-RETAIL PROPERTY
942 ## - ADDED ENTRY ELEMENTS (KOHA)
Suppress in OPAC 0
Holdings
Withdrawn status Lost status Source of classification or shelving scheme Damaged status Not for loan Home library Current library Shelving location Date acquired Total Checkouts Full call number Barcode Date last seen Copy number Price effective from Koha item type
    Dewey Decimal Classification     London London Journal article 22/03/2001   ABS63673 111607-1001 06/08/2019 1 06/08/2019 Journal article